| 000 | 01109cam a22002773a 4500 | ||
|---|---|---|---|
| 001 | 2367 | ||
| 003 | PGUSA | ||
| 005 | 20140828083014.0 | ||
| 008 | 001001s2000||||xxu|||||s|||||000 | eng d | ||
| 040 |
_aPGUSA _beng |
||
| 042 | _adc | ||
| 050 | 4 | _aD | |
| 100 | 1 | _aUnited States. Army. Corps of Engineers. Manhattan District | |
| 245 | 1 | 0 |
_aLos Bombardeos Atomicos de Hiroshima y Nagasaki _h[electronic resource] / _cUnited States. Army. Corps of Engineers. Manhattan District |
| 260 |
_bProject Gutenberg, _c2000 |
||
| 500 | _aThis is an HTML Spanish translation of our Etext #685 (The Atomic Bombings of Hiroshima and Nagasaki) Cf. Trinity Atomic Web Site: http://www.cddc.vt.edu/host/atomic/ | ||
| 506 | _aPublic domain in the USA. | ||
| 516 | _aElectronic text | ||
| 653 | _aHiroshima-shi (Japan) -- History -- Bombardment, 1945 | ||
| 653 | _aAtomic bomb -- Physiological effect | ||
| 653 | _aNagasaki-shi (Japan) -- History -- Bombardment, 1945 | ||
| 653 | _aAtomic bomb -- Blast effect | ||
| 830 | 0 |
_aProject Gutenberg _v2367 |
|
| 856 | 4 | 0 | _uhttp://www.gutenberg.org/ebooks/2367 |
| 942 | _cEB | ||
| 999 |
_c231704 _d231704 |
||